Análisis de los tratamientos para las aguas residuales de los mataderos
保存先:
| 第一著者: | |
|---|---|
| フォーマット: | 不明 |
| 出版事項: |
[San José, Costa Rica]
1980
|
| 主題: | |
| タグ: |
タグ追加
タグなし, このレコードへの初めてのタグを付けませんか!
|
MARC
| LEADER | 00000 a2200000 4500 | ||
|---|---|---|---|
| 003 | 000501 | ||
| 005 | 20221231143741.0 | ||
| 008 | 140114s1980 c a m 000 ||s d | ||
| 040 | |c cru CEDI | ||
| 090 | |a TFG 964 | ||
| 100 | |a Miranda Zamora, Jorge Eduardo |9 16014 | ||
| 245 | |a Análisis de los tratamientos para las aguas residuales de los mataderos | ||
| 260 | |c 1980 |a [San José, Costa Rica] | ||
| 300 | |a iv, 76 hojas : ilustraciones ; 28 cm | ||
| 500 | |a Tesis (ingeniero civil)--Universidad de Costa Rica. | ||
| 650 | |x MATADEROS - COSTA RICA |x ANALISIS DE AGUAS RESIDUALES |9 16015 | ||
| 942 | |c TFG | ||
| 999 | |c 11236 |d 11236 | ||
